| 000 | 01069nam a2200301 i 4500 | ||
|---|---|---|---|
| 003 | EG-ScBUE | ||
| 005 | 20240922112411.0 | ||
| 008 | 111027s2000 riu f b 001 0 eng d | ||
| 020 | _a0821821318 | ||
| 020 | _a9780821821312 | ||
| 040 |
_aEG-ScBUE _beng _erda _cEG-ScBUE _dEG-ScBUE |
||
| 082 | 0 | 4 |
_222 _a512.55 _bCHI |
| 100 | 1 |
_927641 _aChilds, Lindsay N., _eauthor. |
|
| 245 | 1 | 0 |
_aTaming wild extensions : _bhopf algebras and local galois module theory / _cLindsay N. Childs. |
| 264 | 1 |
_aProvidence, R.I. : _bAmerican Mathematical Society, _c2000. |
|
| 300 |
_aviii, 215 pages ; _c27 cm. |
||
| 336 |
_2rdacontent _atext _btxt |
||
| 337 |
_aunmediated _2rdamedia _bn |
||
| 338 |
_avolume _bnc _2rdacarrier |
||
| 490 | 0 |
_aMathematical surveys and monographs ; _vvolume 80 |
|
| 504 | _aIncludes bibliographical references and index. | ||
| 650 | 7 |
_927642 _aHopf algebras. _2BUEsh |
|
| 650 | 7 |
_927643 _aGalois modules (Algebra) _2BUEsh |
|
| 650 | 7 |
_927644 _aField extensions (Mathematics) _2BUEsh |
|
| 653 | _cOctober2011 | ||
| 655 | _vReading book | ||
| 942 |
_2ddc _cBB |
||
| 999 |
_c16173 _d16173 |
||